000 00878cam a2200313 i 4500
005 20260322212006.0
008 data
010 _a 78001292
020 _a0809426609
020 _a0809426595 lib. bdg.
020 _a9780809426591 lib. bdg.
020 _a9780809426607
040 _aDLC
_cDLC
_dDLC
050 0 0 _aG200
_b.H85
082 0 0 _aB
_aB
092 _a910 H85 1978
245 0 4 _aThe explorers /
_cedited by Richard Humble & Time-Life Books.
260 _aAlexandria, Va. :
_bTime-Life Books,
_cc1978.
300 _a176 p. :
_bill. ;
_c29 cm.
440 4 _aThe Seafarers
500 _aIncludes index.
504 _aBibliography: p. 172.
650 0 _aExplorers.
700 1 _aHumble, Richard.
710 2 _aTime-Life Books.
906 _a7
_bcbc
_corignew
_d1
_eocip
_f19
_gy-gencatlg
991 _bc-GenColl
_hG200
_i.H85
_p00000847082
_tCopy 1
_wBOOKS
001 data
999 _c110
_d110